[Event "Wch U20 Girls 38th"]
[Site "Cala Gonone"]
[Date "2022.10.20"]
[Round "9"]
[White "Georges, Lisa"]
[Black "Jacobsen, Shanne Hedegaard"]
[Result "1-0"]
[WhiteElo "1799"]
[BlackElo "1412"]
[PlyCount "95"]
[EventDate "2022.10.12"]
[EventType "swiss"]
[EventRounds "11"]
[EventCountry "ITA"]
[SourceTitle "CBM 210 Extra"]
[Source "ChessBase"]
[SourceDate "2022.11.30"]
[SourceVersion "1"]
[SourceVersionDate "2022.11.30"]
[SourceQuality "1"]

1. e4 c6 2. d4 d5 3. exd5 cxd5 4. Bd3 Nc6 5. c3 Nf6 6. h3 g6 7. Nf3 Bf5 8. 0-0 Bxd3 9. Qxd3 Qc7 10. Re1 Bg7 11. Bg5 Ne4 12. Be3 0-0 13. Nbd2 Nxd2 14. Qxd2 Rfe8 15. Bf4 Qc8 16. Qd3 e6 17. a4 a5 18. Qb5 Bf8 19. Ne5 Nxe5 20. Bxe5 Qc6 21. Qd3 Bg7 22. Bf4 Rac8 23. Ra3 Qc4 24. Qd1 b5 25. axb5 Qxb5 26. Qb3 Qxb3 27. Rxb3 Bf8 28. Ra1 Ra8 29. Ra4 Ra7 30. Rb5 Rea8 31. Bb8 Ra6 32. Bc7 Rc6 33. Raxa5 Rxa5 34. Bxa5 Ra6 35. Kf1 Bh6 36. Ke2 Bc1 37. b4 Ra7 38. Kd3 Kg7 39. g3 f5 40. Rc5 Ra6 41. Rc7+ Kh6 42. Rb7 f4 43. g4 Ra8 44. Rf7 Ra6 45. h4 Rc6 46. Kc2 Ba3 47. Ra7 f3 48. Bd8 1-0

[Event "Nordic Chess-ch U20 Girls"]
[Site "Koge"]
[Date "2019.04.28"]
[Round "5"]
[White "Jacobsen, Shanne Hedegaard"]
[Black "Nilsson, Kajsa"]
[Result "0-1"]
[WhiteElo "1250"]
[BlackElo "1726"]
[PlyCount "94"]
[EventDate "2019.04.26"]
[EventType "tourn"]
[EventRounds "5"]
[EventCountry "DEN"]
[SourceTitle "EXT 2020"]
[Source "ChessBase"]
[SourceDate "2019.10.17"]
[SourceVersion "1"]
[SourceVersionDate "2019.10.17"]
[SourceQuality "1"]

1. d4 Nf6 2. c4 e6 3. Nc3 d5 4. Bf4 c5 5. e3 Bd6 6. Bg3 0-0 7. Bd3 Nc6 8. Nf3 Ne7 9. 0-0 Nf5 10. Bxf5 exf5 11. dxc5 Bxg3 12. hxg3 dxc4 13. Qxd8 Rxd8 14. Rfe1 Bd7 15. Ne5 Be6 16. c6 bxc6 17. Nxc6 Rd6 18. Nd4 Bd7 19. Rac1 Rb6 20. Re2 Rab8 21. Rcc2 a5 22. a3 Ng4 23. Nf3 g6 24. Rcd2 Bc6 25. Nd4 Ne5 26. Nxc6 Rxc6 27. Rd5 Nd3 28. Rxa5 Nxb2 29. Rc2 Nd3 30. Nd5 Rb1+ 31. Kh2 Kg7 32. Ne7 Re6 33. Nd5 Ne5 34. f3 g5 35. g4 fxg4 36. fxg4 Nxg4+ 37. Kg3 Nxe3 38. Nxe3 Rxe3+ 39. Kf2 Rd3 40. Rxg5+ Kf6 41. Rg3 Rxg3 42. Kxg3 Rb3+ 43. Kh4 c3 44. a4 Ke5 45. a5 Kd4 46. Rf2 Ra3 47. Rf4+ Kd3 0-1

[Event "Nordic Chess-ch U20 Girls"]
[Site "Koge"]
[Date "2019.04.26"]
[Round "1"]
[White "Jacobsen, Shanne Hedegaard"]
[Black "Nilssen, Ellen Fredericia"]
[Result "0-1"]
[WhiteElo "1250"]
[BlackElo "2048"]
[PlyCount "94"]
[EventDate "2019.04.26"]
[EventType "tourn"]
[EventRounds "5"]
[EventCountry "DEN"]
[SourceTitle "EXT 2020"]
[Source "ChessBase"]
[SourceDate "2019.10.17"]
[SourceVersion "1"]
[SourceVersionDate "2019.10.17"]
[SourceQuality "1"]

1. d4 Nf6 2. c4 g6 3. Nf3 Bg7 4. Bf4 d5 5. Nc3 c5 6. e3 0-0 7. Bd3 Nc6 8. 0-0 Bg4 9. h3 cxd4 10. Nxd5 Bxf3 11. Nxf6+ Bxf6 12. Qxf3 dxe3 13. Qxe3 Bxb2 14. Rab1 Bd4 15. Qe4 e5 16. Bh6 f5 17. Qd5+ Rf7 18. Bc2 a5 19. a3 a4 20. Kh1 Qc7 21. Bg5 Kg7 22. f4 e4 23. Rfd1 Bf6 24. Bxf6+ Kxf6 25. c5 Kg7 26. Qd2 h6 27. Rf1 Qa5 28. Qe3 Rd7 29. Rbd1 Rad8 30. Rxd7+ Rxd7 31. g4 Qd2 32. Qxd2 Rxd2 33. Bxa4 Nd4 34. Rd1 Rxd1+ 35. Bxd1 e3 36. c6 bxc6 37. a4 e2 38. Bxe2 Nxe2 39. a5 Nxf4 40. gxf5 gxf5 41. Kh2 Kf6 42. Kg3 Ke5 43. Kf3 Nd5 44. a6 c5 45. a7 Nc7 46. Ke3 c4 47. Kd2 Kd4 0-1